Az Opel Budapest Autószalon Marketingstratégiája

Bibliographic Details
Main Author: Almási Gergő
Other Authors: Papp Judit
Format: Thesis
Kulcsszavak:Marketingstratégia
Makrokörnyezet
PEST-módszer
SWOT-analízis
Piacszegmentálás
Online Access:http://dolgozattar.uni-bge.hu/1754

MARC

LEADER 00000nta a2200000 i 4500
001 dolg1754
005 20190905093715.0
008 150324suuuu hu om 000 hun d
040 |a BGE Dolgozattár Repozitórium  |b hun 
041 |a hu 
100 1 |a Almási Gergő 
245 1 3 |a Az Opel Budapest Autószalon Marketingstratégiája  |c Almási Gergő  |h [elektronikus dokumentum] 
246 1 1 |a Az Opel Budapest Autószalon Marketingstratégiája 
695 |a Marketingstratégia 
695 |a Makrokörnyezet 
695 |a PEST-módszer 
695 |a SWOT-analízis 
695 |a Piacszegmentálás 
700 1 |a Papp Judit  |e ths 
856 4 0 |u http://dolgozattar.uni-bge.hu/1754/17/Alm%C3%A1si%20Gerg%C5%91-Szakdolgozat-Az%20Opel%20Budapest%20Aut%C3%B3szalon%20Marketingstrat%C3%A9gi%C3%A1ja_2015.03.pdf  |z Dokumentum-elérés